000 00485nam a2200193 a 4500
001 BRCA_2665
005 20190320203920.0
008 021208s1922----po-a---###---#000-0#spa-u
050 4 _aNK4670
_b.C67 1922
100 1 _aCorreia, Vergilio
_97567
245 1 0 _aAzulejos datados
_cVergilio Correia.
250 _a2
260 _aLisboa
_bL. da Silva
_c1922
300 _a87 p.
_bil.
_c25 cm.
500 _aA109
650 1 4 _aAzulejos portugueses
_97568
902 _aGFM
942 _2lcc
_cB
999 _c2405
_d2405